Normal view
MARC view
- Mulroney, Dermot
Entry Nombre de persona
001 - NÚMERO DE CONTROL
- campo de control: 890
003 - IDENTIFICADOR DEL NÚMERO DE CONTROL
- campo de control: ES-MaFIAP
005 - FECHA Y HORA DE LA ÚLTIMA TRANSACCIÓN
- campo de control: 20221115125232.0
008 - DATOS DE LONGITUD FIJA
- campo de control de longitud fija: 221115|| aca||aabn | a|a d
040 ## - FUENTE DE LA CATALOGACIÓN
- Centro catalogador/agencia de origen: ES-MaFIAP
- Centro/agencia transcriptor: ES-MaFIAP
100 ## - ENCABEZAMIENTO-NOMBRE DE PERSONA
- Nombre de persona: Mulroney, Dermot
- Fechas asociadas al nombre: 1963-
670 ## - FUENTE DE DATOS ENCONTRADOS
- Cita de la fuente: Work cat.: (ES-MaFIAP)243: La boda de mi mejor amigo [Videograbación] = My best friend's wedding /, D. L. 1998





